000 01290cam a2200325 a 4500
001 15378551
003 ARRUPE
005 20250403080009.0
008 080723s2009 caua b 001 0 eng
010 _a 2007905724
020 _a9780495506331 (pbk.)
020 _a0495506338 (pbk.)
040 _aAJU
_cRDA
_dRDA
043 _an-us---
050 0 0 _aHV43
_b.D59 2009
100 1 _aDolgoff, Ralph.
_952867
245 1 0 _aEthical decisions for social work practice.
_cRalph M. Dolgoff , Franki M. Loewenberg and Donna Harrington
250 _a8th edition /
_bRalph Dolgoff, Frank M. Loewenberg, Donna Harrington.
260 _aBelmont, CA :
_bThomson Brooks/Cole,
_cc2009.
300 _a262 pages :
_bilustrations. ;
_c24 cm.
504 _aIncludes bibliographical references (p. 239-257) and index.
650 0 _aSocial case work
_xMoral and ethical aspects.
_952868
650 0 _aSocial workers
_xProfessional ethics
_zUnited States.
_952869
650 0 _aSocial case work
_zUnited States.
_952870
700 1 _aLoewenberg, Frank M.
_952871
700 1 _aHarrington, Donna.
_952872
906 _a7
_bcbc
_corigcop
_d3
_eopcn
_f20
_gy-gencatlg
942 _2lcc
_cMONOGRAPH
999 _c131952
_d131952